Effect of Environment on Nutrient Requirements of Domestic Animals /

Gespeichert in:
Bibliographische Detailangaben
Körperschaft: National Research Council (EUA). Committee on Animal Nutrition. Subcommittee on Environmental Stress
Format: Buch
Sprache:Englisch
Schlagworte:
Tags: Tag hinzufügen
Keine Tags, Fügen Sie das erste Tag hinzu!

MARC

LEADER 00000nam^a2200000^a^4500
001 000187871
005 20250521000000.0
009 20260310102317.597
020 |a 0-309-03181-8 
037 |a Acervo ITESO - Biblioteca 
041 |a ING 
082 |a 636. 0852  |b NAT 
110 |a National Research Council (EUA).  |b Committee on Animal Nutrition.  |b Subcommittee on Environmental Stress 
245 1 0 |a Effect of Environment on Nutrient Requirements of Domestic Animals /  |c Subcommittee on Environmental Stress, Committee on Animal Nutrition, Board on Agriculture and Renewable Resources, Commission on Natural Resources, National Research Council. 
264 |a Washington, EUA :  |b National Academy,  |c 1981 
300 |a XIV, 152 p. 
336 |a texto  |b txt  |2 rdacontenido 
337 |a sin mediación  |b n  |2 rdamedio 
338 |a volumen  |b nc  |2 rdasoporte 
649 |a XX 
650 |a Temperatura -  |x Efectos Fisiológicos 
650 |a Estrés 
650 |a Nutrición Animal 
650 |a Metabolismo 
650 |a Medio Ambiente 
650 |a Fisiología Veterinaria 
910 |a Fondo General 
920 |a Impresos - Libros 
930 |a Colección General 
905 |a 101 
901 |a 0500130126  |b IT1  |c ACC  |u 20250521 
902 |a https://opac.biblio.iteso.mx/vufind/Record/000187871